00287nam a2200109Ia 4500008004100000082001400041100001900055245001600074260005500090630001800145650001400163211109s9999||||xx |||||||||||||| ||und|| aaqbPAI-A aPaintal, Veena 0aAutumn Leaf bKamalalya Printing WorksaThiruvananthapuramc1978 xGENERAL STACK vGeneralia